| 000 | 00982nam a22002537a 4500 | ||
|---|---|---|---|
| 003 | OSt | ||
| 005 | 20231101115311.0 | ||
| 008 | 221006b |||||||| |||| 00| 0 eng d | ||
| 040 | _cBiblioteca Lado V | ||
| 082 |
_a700 _bH157f |
||
| 100 |
_91176 _aHalasa, Malu _edirector |
||
| 245 |
_aThe Future is Handmade | The survival and Innovation of crafts/ _bPrince Claus Fund Jornal/ |
||
| 260 |
_bCentre Georges Pompidou _aIrlanda _c2003 |
||
| 300 |
_c17x24cm _a176p. |
||
| 366 | _efre | ||
| 366 | _eeng | ||
| 490 |
_a10 _x1388 5456 |
||
| 505 |
_tEDITORIAL _tTRADITION AND INNOVATION _tPOPULAR DESIGN AND CRAFTS _tFROM ARTS TO CRAFTS _tGLOBALISATION AND CRAFTS _tCONTRIBUTORS _tCONTACTS & ADDRESSES |
||
| 650 |
_2Tesauro de Arte & Arquitectura _aARTE _9703 |
||
| 650 |
_2Tesauro de Arte & Arquitectura _aMANUALIDADES |
||
| 650 |
_2Tesauro de Arte & Arquitectura _aDISEÑO |
||
| 650 |
_2Tesauro de Arte & Arquitectura _aINNOVACIÓN |
||
| 942 |
_2ddc _c1 _h700 _iH157f _n0 |
||
| 999 |
_c4511 _d4511 |
||